| 000 | 00463nam a2200181Ia 4500 | ||
|---|---|---|---|
| 005 | 20250130003913.0 | ||
| 008 | 240331s9999 xx 000 0 und d | ||
| 020 | _a8185229384 | ||
| 082 |
_bPAT _a954 |
||
| 100 | _aPatnaik, P | ||
| 245 | 0 |
_aWhatever happened to imperialism : _band other essays |
|
| 260 |
_aNew Delhi _bTulika Publication _c1995 |
||
| 300 | _axii, 244 p ., | ||
| 650 | _aPolitical | ||
| 650 | _aEconomy | ||
| 650 | _aGlobalization | ||
| 942 | _cL | ||
| 999 |
_c4443 _d4443 |
||